Účtovné a daňové aspekty tvorby a zúčtovania opravných položiek k pohľadávkam v podnikateľskom subjekte bakalárska práca

Guardado en:
Detalles Bibliográficos
Autor principal: Turská, Marianna
Autor Corporativo: Fakulta hospodárskej informatiky EU. Katedra účtovníctva a audítorstva
Otros Autores: Užík, Ján, 1969-
Formato: Libro
Lenguaje:eslovaco
Publicado: Bratislava 2020
Etiquetas: Agregar Etiqueta
Sin Etiquetas, Sea el primero en etiquetar este registro!

MARC

LEADER 00000nbm a2200000 4500
001 0264754
005 20210427214446.0
041 0 |a slo 
044 |a SK 
245 1 0 |a Účtovné a daňové aspekty tvorby a zúčtovania opravných položiek k pohľadávkam v podnikateľskom subjekte  |b bakalárska práca  |c Marianna Turská ; školiteľ: Ján Užík 
264 1 |a Bratislava  |c 2020 
300 |a 48 s. 
100 1 |a Turská, Marianna 
700 1 |a Užík, Ján, 1969- 
710 2 |a Fakulta hospodárskej informatiky EU. Katedra účtovníctva a audítorstva